00573nam a2200169Ia 4500008004100000100001500041245007000056245004800126260005900174260000900233300001000242650001800252650001500270856002600285999001900311952007300330170221s9999 xx 000 0 und d aArshad Ali 4aThe Impact of Indian Dramas on Language and Dressing of Females  cArshad Ali, Ammarah Khalid, Syed Ali Hassan bOnline Journal of Communication and Media Technologies c2012 aX : 1 xCommunication xMedia Arts uhttp://www.ojcmt.net/ c309026d309026 001040aCLbCLd2017-02-21l0r2017-02-21 00:00:00w2017-02-21yFOJ